00659nam a2200205Ia 4500003000400000008004100004020002400045040000800069100001600077245006400093260002700157300001500184365001200199901002100211902003400232903005800266942001200324952010000336999001700436LDD181029s9999 xx 000 0 und d a184334128XcP 39.95 cLDD aFourie, Ina 0aHow lis professionals can use alerting servicescIna Fourie aEnglandbChandosc2006 axvi, 178p. bP 39.95 a3878b14-03-2007 a1373b16-03-2007cFdBBeSOSS aDiscount-10bReqst by : Uma kanjilal  2ddccBK 00102ddc4070978705aLDDbLDDl0o025.525 F826Hp062036r2018-11-01v3432.10w2018-11-01yBK c78706d78706